| 000 | 00727nam a2200217 a 4500 | ||
|---|---|---|---|
| 005 | 20241207063741.0 | ||
| 008 | 010716s1998 mx r 000 0 spa d | ||
| 020 | _a8470436880 | ||
| 035 | _aUPN01000111886 | ||
| 049 | _aCG | ||
| 050 | 4 |
_aHM134 _bP6.4 no.4.16 |
|
| 100 | 1 | _aMora, Joaquín | |
| 245 | 1 | 0 |
_aPersonas con minusvalías : _banimación integradora / _cJoaquín Mora, David E. Saldaña. |
| 260 |
_aMadrid : _bCCS, _c1998. |
||
| 300 |
_a176 p. : _bil. |
||
| 440 | 0 |
_aPlan de Formación de animadores. _pBloque 4. _pEl saber hacer del animador. _pEducación social ; _v4.16 |
|
| 650 | 4 | _aPERSONAS CON DISCAPACIDAD | |
| 650 | 2 |
_aAnimación sociocultural _91050 |
|
| 700 | 1 |
_aSaldaña, David E., _ecoaut. |
|
| 905 | _aLibro | ||
| 999 |
_c85794 _d85794 |
||